| 000 | 00720nam a2200205Ii 4500 | ||
|---|---|---|---|
| 003 | JO-AjNU | ||
| 008 | 230605s9999||||xx |||||||||||||| ||und|| | ||
| 017 | _a1998/2/262 | ||
| 040 |
_aJO-AjNU _bara _erda _cJO-AjNU |
||
| 041 | _aara | ||
| 050 | 1 | 4 | _aDS461.M5712 1998 |
| 100 | 3 |
_aتاليف ميسرا، ريخا؛ ترجمة الجوارنة، أحمد, _eauthor _98372 |
|
| 245 | 0 | 0 | _aالمرأة في عصر المغول |
| 264 | 3 | 1 | _aاربد: مؤسسة حمادة للنشر والتوزيع، 1998 |
| 300 | _a229ص | ||
| 336 |
_atext _btxt _2rdacontent |
||
| 337 |
_aunmediated _bn _2rdamedia |
||
| 338 |
_avolume _bnc _2rdacarrier |
||
| 650 | 4 |
_aالمراة في الهند-عصر المغول -تاريخ _98373 |
|
| 999 |
_aA754 _c4322 _d4322 |
||